000 00439nam a22001337a 4500
003 OSt
005 20240401111547.0
008 240401b |||||||| |||| 00| 0 eng d
040 _cCentral Library MRSPTU
100 _aDr. Jatinder Singh (ਡਾ. ਜਤਿੰਦਰ ਸਿੰਘ)
245 _aManukhi Sarre de Rahas (ਮਨੁੱਖੀ ਸਰੀਰ ਦੇ ਰਹੱਸ)
260 _aBarnala
_bTarkbharti Parkashan
_c2004
942 _2ddc
_cBK
_n0
999 _c9920
_d9920